The Power of Your Subconscious Mind (Record no. 167012)
[ view plain ]
| 000 -LEADER | |
|---|---|
| fixed length control field | 00419nam a22001697a 4500 |
| 005 - DATE AND TIME OF LATEST TRANSACTION | |
| control field | 20230713150513.0 |
| 008 - FIXED-LENGTH DATA ELEMENTS--GENERAL INFORMATION | |
| fixed length control field | 230713b |||||||| |||| 00| 0 eng d |
| 020 ## - INTERNATIONAL STANDARD BOOK NUMBER | |
| International Standard Book Number | 9789386341259 |
| 041 ## - LANGUAGE CODE | |
| Language code of text/sound track or separate title | English |
| 082 ## - DEWEY DECIMAL CLASSIFICATION NUMBER | |
| Classification number | 891.46 |
| 100 ## - MAIN ENTRY--PERSONAL NAME | |
| Author | Murphy Joseph |
| 245 ## - TITLE STATEMENT | |
| Title | The Power of Your Subconscious Mind |
| 260 ## - PUBLICATION, DISTRIBUTION, ETC. | |
| Place of publication, distribution, etc. | Mumbai |
| Name of publisher, distributor, etc. | Golden Minds Publishing House |
| 300 ## - PHYSICAL DESCRIPTION | |
| Extent | 260 |
| 365 ## - TRADE PRICE | |
| Price amount | 199 |
| 942 ## - ADDED ENTRY ELEMENTS (KOHA) | |
| Koha item type | Compact Books |
| Withdrawn status | Lost status | Source of classification or shelving scheme | Damaged status | Not for loan | Home library | Current library | Date acquired | Vendor | Total Checkouts | Full call number | Barcode | Date last seen | Bill Date | Koha item type |
|---|---|---|---|---|---|---|---|---|---|---|---|---|---|---|
| Dewey Decimal Classification | Cummins College of Engineering for Women Nagpur | Cummins College of Engineering for Women Nagpur | 13/07/2023 | Foster Reads | 891.46 | CEWN-CB-0118 | 13/07/2023 | 13/07/2023 | Compact Books |